| 000 | 00406nam a2200169Ia 4500 | ||
|---|---|---|---|
| 005 | 20240717030321.0 | ||
| 008 | 240331s9999 xx 000 0 und d | ||
| 020 | _a8122002315 | ||
| 082 |
_a200 _bLYE |
||
| 100 | _aLaer, V.R.K | ||
| 245 | 0 | _aReligion and politics | |
| 260 |
_aNew Delhi _bKonark Publishers Pvt Ltd _c1991 |
||
| 300 | _av, 226 p ., | ||
| 650 | _aReligion | ||
| 650 | _aPolitics | ||
| 942 | _cL | ||
| 999 |
_c777 _d777 |
||